000 01419nam a2200325 a 4500
001 000042443
003 DO-SdBNP
005 20250714112740.0
008 130813s2009 dr ac 001 0 spa d
020 _a9289945443509
040 _aDO-SdBNP
_bspa
_cBNPHU
110 2 _aBanco Central de la República Dominicana
_983405
245 1 0 _aPinacoteca :
_bcolección de obras de arte 2009 /
_cMarianne de Tolentino, Danilo de los Santos, Vladimir Velásquez; fotografías de las pinturas Onorio Montás, Mariano Hernández, Francisco Monosalvas, Fernando Calzada, Tiziano de Stéfano, Ricardo Briones, Luis Pena Manso, Luis Nova.
250 _a2a. ed.
260 _aSanto Domingo :
_bBanco Central de la República Dominicana,
_c2009.
_fSerigraf
300 _a274 p. :
_bil., retrs. ;
_c30 cm.
500 _aLas dimensiones de los cuadros de esta pinacoteca están dadas en pulgadas
700 1 _aSantos, Danilo de los,
_d1943-2018
_910278
700 1 _aVelásquez, Vladimir
_969595
700 1 _aMontás, Onorio
_efot.
_959042
700 1 _aHernández, Mariano
_efot.
_959875
700 1 _aManosalvas, Francisco
_efot.
_969596
700 1 _aCalzada, Fernando
_efot.
_969597
700 1 _aStéfano, Tiziano de
_efot.
_969598
700 1 _aBriones, Ricardo
_efot.
_929826
700 1 _aPena Manso, Luis
_efot.
_969599
700 1 _aNova, Luis
_efot.
_936995
700 1 _aTolentino, Marianne de
_915222
942 _2ddc
_cLBS1
999 _c41932
_d41932